[Event "ZMDI Open A 2012"]
[Site "Dresden GER"]
[Date "2012.08.18"]
[Round "1"]
[White "Bar,Av"]
[Black "Gutman,L"]
[Result "0-1"]
[WhiteElo "2150"]
[BlackElo "2455"]

1.c4 Nf6 2.g3 g6 3.Bg2 Bg7 4.Nf3 O-O 5.O-O d5 6.cxd5 Nxd5 7.Nc3 c6 8.d4 Nxc3
9.bxc3 Qa5 10.Qb3 Nd7 11.Ba3 Re8 12.e4 Nb6 13.Nd2 Be6 14.Qb4 Qxb4 15.Bxb4 a5
16.Ba3 Na4 17.Rfc1 b5 18.e5 Bd5 19.Bf1 Bh6 20.f4 g5 21.g4 gxf4 22.h4 f6 23.c4 bxc4
24.Rxc4 Nb6 25.Rc2 fxe5 26.dxe5 Nd7 27.Re1 Nf8 28.Bc4 Rad8 29.Bxd5+ Rxd5
30.Kf2 Ne6 31.Nb3 a4 32.Nc5 Nd4 33.Rcc1 Bg7 34.Bb2 Red8 35.Nxa4 Bxe5 36.Re4 Bg7
37.Rxe7  0-1

[Event "ch-FRA w 2012"]
[Site "Pau FRA"]
[Date "2012.08.18"]
[Round "5"]
[White "Bollengier,Andreea"]
[Black "Safranska,A"]
[Result "1/2-1/2"]
[WhiteElo "2253"]
[BlackElo "2298"]

1.c4 Nf6 2.Nf3 g6 3.g3 Bg7 4.Bg2 O-O 5.O-O d6 6.Nc3 Nc6 7.d3 e5 8.Rb1 a5
9.a3 h6 10.b4 axb4 11.axb4 Be6 12.b5 Ne7 13.Bb2 Nd7 14.Nd2 c6 15.bxc6 bxc6
16.Qc2 Qc7 17.Ra1 Rxa1 18.Rxa1 Rb8 19.Ba3 f5 20.Rb1 Rxb1+ 21.Qxb1 e4 22.Qc2 exd3
23.Qxd3 Nc8 24.Qe3 Bf7 25.h3 Kh7 26.Na2 c5 27.Nc3 Bd4 28.Qd3 Ne5 29.Qc2 Nxc4
30.Nxc4 Bxc4 31.e3 Bg7 32.Nd5 Bxd5 33.Bxd5 Ne7 34.Bb3 Qb7 35.Qc4 Qa8 36.Bb2 Qf8
37.Bc1 Qf6 38.Kg2 Qe5 39.Qf7 d5 40.Bd1 Ng8 41.Ba3 d4 42.exd4 Qxd4 43.Bb3 Nf6
44.Bc1 Qe4+ 45.Kh2 Qe8 46.Qc4 Ne4 47.Be3 Qb8 48.Ba2 Qa8 49.Bb3 Ng5 50.Bxg5 hxg5
51.Qxc5 Qf8 52.Qxf8 Bxf8 53.g4 Kg7 54.Kg2 Kf6 55.Kf3 Bc5 56.Bc4 Bd4 57.Bb3 Bc5
58.Bc4 Bd4 59.Bb3 Bc5  1/2-1/2

[Event "12th Brasschaat Open"]
[Site "Brasschaat BEL"]
[Date "2012.08.19"]
[Round "2.1"]
[White "Gorts,S"]
[Black "Dgebuadze,A"]
[Result "0-1"]
[WhiteElo "1930"]
[BlackElo "2556"]

1.Nf3 Nf6 2.c4 g6 3.g3 Bg7 4.Bg2 O-O 5.O-O d6 6.d4 Nbd7 7.Nc3 c6 8.b3 Qa5
9.Bb2 Re8 10.Qc2 e5 11.dxe5 dxe5 12.a3 Nf8 13.Nd2 Bf5 14.Nde4 Nxe4 15.Nxe4 Ne6
16.b4 Qc7 17.e3 Ng5 18.h4 Nxe4 19.Bxe4 Bg4 20.f3 Bh3 21.Rf2 Be6 22.g4 Rad8
23.Re1 a5 24.c5 Bd5 25.Ree2 Bxe4 26.Qxe4 axb4 27.axb4 Rd1+ 28.Kg2 Qd7 29.Qc2 e4
30.Bxg7 exf3+ 31.Kxf3 h5 32.gxh5 Qh3+ 33.Kf4 Qxh4+ 34.Kf3 Qh3+ 35.Kf4 g5+
36.Kxg5 Qg3+  0-1

[Event "III Sarkany-Aranytiz IM"]
[Site "Budapest HUN"]
[Date "2012.08.19"]
[Round "2.4"]
[White "Kojima,S"]
[Black "Brustkern,J"]
[Result "1-0"]
[WhiteElo "2282"]
[BlackElo "2235"]

1.Nf3 Nf6 2.c4 g6 3.g3 Bg7 4.Bg2 O-O 5.O-O d6 6.d4 Nbd7 7.Nc3 e5 8.e4 exd4
9.Nxd4 Re8 10.h3 a6 11.Be3 Rb8 12.b3 c5 13.Nde2 b5 14.Qxd6 b4 15.Na4 Nxe4
16.Bxe4 Rxe4 17.Rad1 Qe8 18.Nf4 Be5 19.Qc6 Rxe3 20.fxe3 Bxf4 21.exf4 Qe3+
22.Rf2 Qxg3+ 23.Qg2 Qe3 24.Qf3 Qe6 25.Re2 Qf6 26.Re8+ Kg7 27.Rxd7 Bxd7 28.Rxb8 Bc6
29.Qe3 Qa1+ 30.Kf2 Qxa2+ 31.Qe2 Qxb3 32.Qb2+ Qxb2+ 33.Nxb2 a5 34.Nd3  1-0

[Event "2nd Split Open 2012"]
[Site "Split CRO"]
[Date "2012.08.19"]
[Round "9.12"]
[White "Thiel,K"]
[Black "Biliskov,V"]
[Result "0-1"]
[WhiteElo "2215"]
[BlackElo "2335"]

1.Nf3 Nf6 2.c4 g6 3.g3 Bg7 4.Bg2 O-O 5.O-O d6 6.d4 Nbd7 7.Nc3 e5 8.Qc2 c6
9.Rd1 Qe7 10.b3 exd4 11.Nxd4 Re8 12.Ba3 Nc5 13.Rd2 a5 14.Rad1 h5 15.h3 Bd7
16.Na4 Nfe4 17.Nxc5 Nxc5 18.e3 Rad8 19.Ne2 Bf5 20.Qc1 Ne4 21.Bxe4 Bxe4 22.Rxd6 Rxd6
23.Rxd6 Qe5 24.f4 Qf5 25.Kh2 Bd3 26.g4 Qe4 27.Ng3 Qf3 28.Qg1 Rxe3 29.Bc1 Re7
30.gxh5 gxh5 31.Qg2 Qxg2+ 32.Kxg2 Bb1 33.Rd2 Bc3 34.Rd8+ Kh7  0-1

[Event "2nd Split Open 2012"]
[Site "Split CRO"]
[Date "2012.08.19"]
[Round "9.22"]
[White "Ibanez Aullana,J"]
[Black "Krnic,I"]
[Result "1-0"]
[WhiteElo "2288"]
[BlackElo "2185"]

1.c4 Nf6 2.Nf3 g6 3.g3 Bg7 4.Bg2 O-O 5.O-O Nc6 6.d4 d6 7.b3 a6 8.Bb2 Rb8
9.Nbd2 Nd7 10.Qc2 e5 11.d5 Ne7 12.e4 c5 13.Ne1 f5 14.f3 Nf6 15.Nd3 Bh6 16.Rae1 g5
17.Bh3 g4 18.fxg4 Nxg4 19.Bxg4 fxg4 20.Rxf8+ Qxf8 21.Nf1 b5 22.cxb5 axb5
23.Nf2 Bd7 24.Qe2 Qf3 25.Ne3 Qxe3 26.Qxe3 Bxe3 27.Rxe3 b4 28.Re1 Ra8 29.Ra1 Nc8
30.Nd1 Nb6 31.Ne3 h5 32.a4 bxa3 33.Rxa3 Rxa3 34.Bxa3 Kf7 35.Kf2 Ke7 36.Ke2 Kd8
37.Kd2 Kc7 38.Bb2 Bc8 39.Bc3 Bd7 40.Ba5 Kb7 41.Kc3 Nc8 42.Bd8 Ka6 43.Nf5 Be8
44.Be7 Bg6 45.Nxd6 Nxd6 46.Bxd6 Bxe4 47.Kc4 Kb6 48.Bxc5+ Kc7 49.Bf8 Bc2 50.b4 e4
51.Bh6 Kd6 52.Bf4+ Kd7 53.Kc5 Bd3 54.b5 Kc8 55.Kc6 Bc4 56.Be3  1-0

[Event "12th World Uni Men"]
[Site "Guimaraes POR"]
[Date "2012.08.20"]
[Round "1.10"]
[White "Salazar Loor,R"]
[Black "Perdomo,L"]
[Result "0-1"]
[WhiteElo "2021"]
[BlackElo "2391"]

1.c4 g6 2.Nf3 Bg7 3.g3 Nf6 4.Bg2 O-O 5.O-O d6 6.d4 Nbd7 7.Nc3 e5 8.e4 c6
9.h3 a5 10.Re1 Re8 11.Qc2 exd4 12.Nxd4 Nc5 13.Nb3 Nfd7 14.Bf4 Be5 15.Be3 Ne6
16.f4 a4 17.Nc1 Bd4 18.Bxd4 Nxd4 19.Qf2 Qb6 20.Kh1 Nf5 21.Qxb6 Nxb6 22.N1e2 Ne3
23.Nd4 Nbxc4 24.b3 Nxg2 25.Kxg2 axb3 26.axb3 Rxa1 27.Rxa1 Nd2 28.Re1 f5 29.e5 dxe5
30.fxe5 Rd8 31.e6 Rxd4 32.e7 Bd7 33.e8=Q+ Bxe8 34.Rxe8+ Kf7 35.Rh8 Kg7 36.Rb8 Rb4
37.Ne2 Nxb3 38.Nf4 Nc5 39.Rc8 Rb2+ 40.Kf1 Ne4 41.Ne2 h5 42.Rc7+ Kf6  0-1

[Event "11th Lichtenberger Sommer 2012"]
[Site "Berlin GER"]
[Date "2012.08.21"]
[Round "4.7"]
[White "Wendt,J"]
[Black "Kohler,T"]
[Result "0-1"]
[WhiteElo "2357"]
[BlackElo "2249"]

1.Nf3 Nf6 2.c4 g6 3.g3 Bg7 4.Bg2 O-O 5.Nc3 d6 6.O-O Nc6 7.d4 Bf5 8.d5 Na5
9.Nd2 c5 10.e4 Bd7 11.Qc2 a6 12.b3 b5 13.Bb2 Rb8 14.Rab1 e5 15.Ne2 h5 16.Nc1 h4
17.Nd3 hxg3 18.hxg3 Ng4 19.b4 bxc4 20.Nxc5 dxc5 21.bxa5 Qg5 22.Nf3 Qh5 23.Ba3 f5
24.Rxb8 Rxb8 25.Rb1 Rf8 26.Rb7 Bb5 27.Bxc5 Rc8 28.Bb4 c3 29.d6 fxe4 30.Nh4 g5
31.Bxe4 gxh4 32.Bd5+ Kh8 33.Bf7 Qg5 34.d7 Rd8 35.Qxc3 Qf6 36.Qc5  0-1

[Event "ZMDI Open A 2012"]
[Site "Dresden GER"]
[Date "2012.08.22"]
[Round "5"]
[White "Ehlert,H"]
[Black "Ghadimi,M"]
[Result "1/2-1/2"]
[WhiteElo "2013"]
[BlackElo "2119"]

1.Nf3 Nf6 2.c4 g6 3.g3 Bg7 4.Bg2 O-O 5.O-O d5 6.cxd5 Nxd5 7.Nc3 Nc6 8.a3 Nb6
9.Qc2 Bg4 10.Rb1 Bxf3 11.Bxf3 Nd4 12.Qd3 Nxf3+ 13.Qxf3 c6 14.d3 e5 15.Be3 f5
16.Rfd1 Nd5 17.Bd2 Nc7 18.b4 Ne6 19.Qg2 Rf7 20.b5 c5 21.Qd5 Qxd5 22.Nxd5 b6
23.Nc3 Nd4 24.Kf1 f4 25.Ne4 fxg3 26.hxg3 Raf8 27.f3 Rf5 28.Be3 Rd8 29.Bxd4 exd4
30.Nd2 Be5 31.Kg2 h5 32.Ne4 Kg7 33.Rh1 Rdf8 34.Rh3 Kg8 35.Rbh1 Bg7 36.Rh4 Be5
37.g4 hxg4 38.Rxg4 Kg7 39.Ng5 Rh8 40.Rxh8 Kxh8 41.Ne6 Rf6 42.Nd8 Bf4 43.Nc6 g5
44.Nxa7 Rf8 45.Nc6 Ra8 46.Ne7 Rxa3 47.Ng6+ Kh7 48.Nxf4 gxf4 49.Rxf4 Rb3 50.Rg4 Rxb5
51.f4 Ra5 52.Rg5 Ra8 53.Rd5 Rc8 54.Rd7+ Kg8 55.Rb7 Rc6 56.Kf3 Kf8 57.f5 Rh6
58.Ke4 Rh2 59.Rxb6 Rxe2+ 60.Kd5 Rd2 61.Ke6 Rxd3 62.Kf6 Ke8 63.Rc6 Re3 64.Rxc5 Rd3  1/2-1/2

[Event "12th World Uni Men"]
[Site "Guimaraes POR"]
[Date "2012.08.22"]
[Round "6.12"]
[White "Salazar Loor,R"]
[Black "Vasques,A"]
[Result "1/2-1/2"]
[WhiteElo "2021"]
[BlackElo "2214"]

1.c4 Nf6 2.Nf3 g6 3.g3 Bg7 4.Bg2 O-O 5.Nc3 d6 6.Qb3 c5 7.O-O Nc6 8.d3 Rb8
9.Bd2 Bd7 10.Rab1 a6 11.a4 e6 12.e3 Ne8 13.Ne2 Nc7 14.a5 e5 15.Qa3 b5 16.axb6 Rxb6
17.Nc3 Nb4 18.Ne1 f5 19.Na4 Rb8 20.Bxb4 cxb4 21.Qa2 f4 22.b3 fxe3 23.fxe3 Rxf1+
24.Bxf1 Qg5 25.Qd2 Bh6 26.Nc2 Ne6 27.Qg2 Bf8 28.Qd5 Kg7 29.Bg2 Be7 30.Rf1 Nd8
31.Nc5 Bf5  1/2-1/2

[Event "87th ch-FRA 2012"]
[Site "Pau FRA"]
[Date "2012.08.23"]
[Round "10"]
[White "Tkachiev,V"]
[Black "Hamdouchi,H"]
[Result "1/2-1/2"]
[WhiteElo "2644"]
[BlackElo "2627"]

1.Nf3 Nf6 2.c4 g6 3.g3 Bg7 4.Bg2 O-O 5.O-O d6 6.d4 Nbd7 7.Nc3 e5 8.e4 a6
9.h3 b5 10.dxe5 Nxe5 11.Nxe5 dxe5 12.Qc2 c6 13.cxb5 axb5 14.Be3 Be6 15.a4 Qc8
16.Kh2 Bc4 17.Rfc1 Qe6 18.axb5 cxb5 19.Rxa8 Rxa8 20.Qd1 h6 21.Qd2 Kh7 22.Nd5 Rd8
23.Rd1 Bb3 24.Qa5 Rd7 25.Nxf6+ Bxf6 26.Rxd7 Qxd7 27.Qa6 Bg5 28.Bc5 Bc1 29.Bf1 Bxb2
30.Qxb5 Qxb5 31.Bxb5 Bc2 32.f3 Bd4 33.Be7 Kg7 34.Bc4 Ba4 35.Bd5 Bc2 36.h4 Bd3
37.Kg2 Be3 38.Bb3 Bb6 39.Bd5 Be3 40.Bb3 Bb6 41.Bd5  1/2-1/2

[Event "14th Sants Open A"]
[Site "Barcelona ESP"]
[Date "2012.08.24"]
[Round "8.13"]
[White "Kiewra,K"]
[Black "Palit,S"]
[Result "1/2-1/2"]
[WhiteElo "2364"]
[BlackElo "2435"]

1.c4 Nf6 2.Nf3 g6 3.g3 Bg7 4.Bg2 O-O 5.O-O d5 6.cxd5 Nxd5 7.d4 Nb6 8.Nc3 c6
9.e3 N8d7 10.Qe2 e5 11.dxe5 Nxe5 12.Nxe5 Bxe5 13.f4 Bg7 14.e4 Be6 15.Rd1 Qe7
16.Be3 Rfd8 17.Qf2 Rxd1+ 18.Rxd1 Rd8 19.Re1 Nc4 20.Bc5 Qc7 21.f5 Bc8 22.f6 Bh6
23.Qe2 Ne5 24.Rd1 Bg4 25.Rxd8+ Qxd8 26.Qf2 Nd3 27.Qd4 Qxd4+ 28.Bxd4 c5 29.Bf2 Bc1
30.b3 Kf8 31.Nd5 Nxf2 32.Kxf2 Bb2 33.Bf3 Bxf3 34.Kxf3 Ke8 35.Kf4 Kd7 36.e5 h5
37.Ke4 b5 38.h3 c4 39.bxc4 bxc4 40.Ne3 c3 41.Nc2 Bc1 42.Kd5 Bg5 43.a4 Bd2
44.g4 hxg4 45.hxg4 Bg5 46.a5 a6 47.Nb4 Bd2 48.Kd4 c2 49.Nxc2 Bxa5 50.Kd5 Bb6
51.Na3 a5 52.Nc4 Bc7 53.Nb2 Bb6 54.Na4 Ba7 55.Nb2 Bg1 56.Na4 Ba7 57.Nc3 Bg1
58.Na4  1/2-1/2

[Event "11th Lichtenberger Sommer 2012"]
[Site "Berlin GER"]
[Date "2012.08.25"]
[Round "8.15"]
[White "Fischer,Daniel2"]
[Black "Kohler,T"]
[Result "1/2-1/2"]
[WhiteElo "2114"]
[BlackElo "2249"]

1.Nf3 Nf6 2.c4 g6 3.g3 Bg7 4.Bg2 O-O 5.O-O d6 6.Nc3 Nc6 7.d3 e5 8.Rb1 a5
9.a3 Nd4 10.Bg5 h6 11.Bxf6 Bxf6 12.b4 axb4 13.axb4 c6 14.b5  1/2-1/2

[Event "11th Lichtenberger Sommer 2012"]
[Site "Berlin GER"]
[Date "2012.08.25"]
[Round "8.21"]
[White "Kurz,C"]
[Black "Kollars,Dmitrij"]
[Result "1/2-1/2"]
[WhiteElo "2200"]
[BlackElo "1996"]

1.Nf3 Nf6 2.c4 g6 3.g3 Bg7 4.Bg2 O-O 5.O-O d6 6.Nc3 Nc6 7.d4 a6 8.h3 Rb8
9.Nd5 e6 10.Nxf6+ Bxf6 11.Bh6 Re8 12.Rc1 Bd7 13.Kh2 e5 14.d5 Nd4 15.e4 c5
16.dxc6 bxc6 17.Nxd4 exd4 18.b3 c5 19.f4 Bg7 20.Bxg7 Kxg7 21.Qd2 f6 22.Rce1 Qc7
23.h4 f5 24.h5 Re7 25.exf5 Bxf5 26.Rxe7+ Qxe7 27.Re1 Qd7 28.Qe2 Kf8 29.hxg6 hxg6
30.Qd2 Re8 31.Kg1 Rxe1+ 32.Qxe1 Qe7  1/2-1/2

[Event "24th Schlosspark Open"]
[Site "Wiesbaden GER"]
[Date "2012.08.25"]
[Round "5.17"]
[White "Willems,M"]
[Black "Von den Steinen,B"]
[Result "1/2-1/2"]
[WhiteElo "1998"]
[BlackElo "2137"]

1.Nf3 Nf6 2.c4 g6 3.g3 Bg7 4.Bg2 O-O 5.Nc3 d6 6.O-O Nbd7 7.d3 e5 8.Rb1 Re8
9.Nd2 Nf8 10.b4 c6 11.b5 c5 12.Nd5 Nxd5 13.Bxd5 Qe7 14.Bb2 Be6 15.Bg2 Qd7
16.Ne4 h6  1/2-1/2

[Event "37th Trade Fair Open A"]
[Site "Brno CZE"]
[Date "2012.08.26"]
[Round "2"]
[White "Sipek,M"]
[Black "von Keyserlingk,Chanda"]
[Result "1-0"]
[WhiteElo "1963"]
[BlackElo "1717"]

1.Nf3 Nf6 2.g3 g6 3.Bg2 Bg7 4.c4 O-O 5.Nc3 d6 6.d3 c5 7.Bd2 Nc6 8.Qc1 Re8
9.Bh6 Bh8 10.h4 Nh5 11.Nd5 e5 12.Bg5 f6 13.Be3 Ne7 14.Nh2 Nf5 15.Bd2 Nd4
16.e3 Nc6 17.Bf3 Ng7 18.h5 g5 19.g4 h6 20.b4 f5 21.b5 e4 22.bxc6 exf3 23.c7  1-0

[Event "19th Graz Open 2012"]
[Site "Graz AUT"]
[Date "2012.08.27"]
[Round "3.25"]
[White "Matosec,T"]
[Black "Rudolph,K"]
[Result "1-0"]
[WhiteElo "2072"]
[BlackElo "1917"]

1.Nf3 Nf6 2.c4 g6 3.g3 Bg7 4.Bg2 O-O 5.O-O d6 6.d4 Nbd7 7.Nc3 c6 8.h3 e5
9.e4 Qc7 10.Be3 a6 11.Rc1 Re8 12.Re1 b6 13.b4 Qb8 14.c5 dxc5 15.bxc5 bxc5
16.dxc5 Bf8 17.Qa4 Qc7 18.Qc4 Rb8 19.Ng5 Re7 20.Rb1 h6 21.Nf3 Re8 22.Na4 Rb5
23.Rec1 Nb8 24.Nc3 Rxb1 25.Rxb1 Be6 26.Qb4 Nfd7 27.Nd2 Qa7 28.Na4 Bxa2 29.Rb2 Be6
30.Bf1 Kg7 31.Nc4 Bxc4 32.Bxc4 f6 33.Ba2 Be7 34.Qc4 Rf8 35.Qe6 Bd8 36.f4 Qc7
37.h4 Qa5 38.Nb6 Qe1+ 39.Kh2 Nxb6 40.Rxb6 Bxb6 41.Qe7+  1-0

[Event "19th Graz Open 2012"]
[Site "Graz AUT"]
[Date "2012.08.28"]
[Round "4.13"]
[White "Wallner,D"]
[Black "Matosec,T"]
[Result "0-1"]
[WhiteElo "2127"]
[BlackElo "2072"]

1.c4 Nf6 2.g3 g6 3.Bg2 Bg7 4.Nf3 O-O 5.d4 c6 6.O-O d5 7.b3 dxc4 8.bxc4 c5
9.Bb2 Qb6 10.Qb3 Nc6 11.dxc5 Qxc5 12.Nbd2 Rd8 13.Qb5 Qb6 14.Ba3 Bf5 15.Rac1 e5
16.Bc5 Qc7 17.Rfd1 Rac8 18.Nf1 Rxd1 19.Rxd1 Ne4 20.Bb4 Nxb4 21.Qxb4 a5 22.Qb2 Nd6
23.Qb3 Nxc4 24.Ng5 Bh6 25.Ne4 Bxe4 26.Bxe4 Nd6 27.Bg2 b5 28.Qd5 Bf8 29.Qxe5 Re8
30.Qb2 Bg7 31.Qd2 Nc4 32.Qd5 Rxe2 33.Qxb5 Rxa2 34.Qe8+ Bf8 35.Rd8 Qc5 36.Qe1 Qb6
37.Ra8 Ne5 38.Bd5 Nd3 39.Bxf7+ Kg7 40.Qc3+ Kh6 41.Ne3 Qb1+ 42.Kg2 Rxf2+ 43.Kh3 Rxf7
44.Ng4+ Kh5 45.Rxa5+ g5 46.Nf6+ Kg6 47.Ra1 Nf2+ 48.Kg2 Qd3 49.Qe1 Rxf6 50.Qe8+ Kh6
51.Ra4 Qf3+  0-1

[Event "40th Olympiad Open"]
[Site "Istanbul TUR"]
[Date "2012.08.28"]
[Round "1.49"]
[White "Danielsen,Hen"]
[Black "Lee,T"]
[Result "1-0"]
[WhiteElo "2511"]
[BlackElo "2016"]

1.c4 Nf6 2.Nf3 g6 3.g3 Bg7 4.Bg2 O-O 5.Nc3 d6 6.O-O Nc6 7.d3 e5 8.Bg5 h6
9.Bxf6 Bxf6 10.Rb1 a5 11.a3 Be6 12.b4 axb4 13.axb4 Ne7 14.b5 d5 15.cxd5 Nxd5
16.Nxd5 Bxd5 17.Nd2 Bxg2 18.Kxg2 Qd5+ 19.Kg1 c6 20.bxc6 bxc6 21.Qc2 Ra2 22.Rb2 Rfa8
23.Nc4 Rxb2 24.Qxb2 Qb5 25.Qc2 Rb8 26.Rc1 Bg5 27.Ra1 Bf6 28.Ra5 Qb4 29.Kf1 Kg7
30.h4 Qb1+ 31.Qxb1 Rxb1+ 32.Kg2 Rb5 33.Ra7 Rd5 34.Rc7 e4 35.dxe4 Rd4 36.Rxc6 Rxe4
37.e3 h5 38.f4 Re7 39.Kf3 Ba1 40.e4 Rd7 41.Nd6 Ra7 42.e5 Ra3+ 43.Kg2 Ra2+
44.Kh1 Ra7 45.Rc8 Bd4 46.Ne8+ Kh6 47.Nf6 Rb7 48.Rh8+ Kg7 49.Rg8+ Kh6 50.Kg2 Bc5
51.g4 hxg4 52.Nxg4+ Kh5 53.Nf6+ Kh6 54.Kf3 Rb3+ 55.Ke4 Rb7 56.Rh8+ Kg7 57.Rh7+ Kf8
58.h5 gxh5 59.Rxh5 Be7 60.Rh8+ Kg7 61.Rg8+ Kh6 62.Kf5 Rb6 63.Rh8+ Kg7 64.Rh7+ Kf8
65.Nd7+ Kg8 66.Rxf7 Kxf7 67.Nxb6 Bc5 68.Nd5 Ba3 69.e6+ Ke8 70.Kg6 Bb2 71.f5 Kf8
72.e7+ Ke8 73.f6 Be5 74.f7+  1-0

[Event "40th Olympiad Open"]
[Site "Istanbul TUR"]
[Date "2012.08.28"]
[Round "1.32"]
[White "Grandelius,N"]
[Black "Vorobjov,P"]
[Result "1-0"]
[WhiteElo "2562"]
[BlackElo "2156"]

1.Nf3 Nf6 2.c4 g6 3.g3 Bg7 4.Bg2 O-O 5.O-O c5 6.Nc3 d5 7.cxd5 Nxd5 8.Nxd5 Qxd5
9.d3 Nc6 10.Be3 Bxb2 11.Rb1 Bf6 12.Qa4 Nb4 13.Nd2 Bd7 14.Bxd5 Bxa4 15.Bxb7 Rab8
16.Bf3 Bc2 17.Rbc1 Bb2 18.a3 Bxa3 19.Ra1 Bb2 20.Rxa7 Rfc8 21.Rxe7 Nc6 22.Bxc6 Rxc6
23.Nc4 Bf6 24.Ra7 Kg7 25.Rc1 Rb1 26.Rxb1 Bxb1 27.Ra5 Be7 28.Nd2 Bc2 29.Ra2 Bd1
30.Kf1 c4 31.Ke1 Bb3 32.Nxb3 cxb3 33.Rb2  1-0

[Event "40th Olympiad Open"]
[Site "Istanbul TUR"]
[Date "2012.08.29"]
[Round "2.76"]
[White "Meshkov,Y"]
[Black "Del Castilho,M"]
[Result "1-0"]
[WhiteElo "2390"]
[BlackElo "2260"]

1.c4 Nf6 2.Nf3 g6 3.g3 Bg7 4.Bg2 O-O 5.O-O d5 6.cxd5 Nxd5 7.d4 Nb6 8.Nc3 Nc6
9.e3 Re8 10.h3 a5 11.Re1 a4 12.Rb1 Ra5 13.b4 axb3 14.axb3 e5 15.b4 Ra8 16.b5 exd4
17.bxc6 dxc3 18.Nd4 Bxd4 19.exd4 c2 20.Rxe8+ Qxe8 21.Qxc2 Bf5 22.Qc3 Bxb1
23.cxb7 Rd8 24.Qxc7 Nd7 25.Bf4 Nb8 26.d5 Ba2 27.Qa5 Bc4 28.Bc7 Rd7 29.d6 Ba6
30.Kh2 Kg7 31.Qb6 Qe2 32.Bxb8 Bxb7 33.Bxb7 Rxb7 34.Qxb7 Qxf2+ 35.Qg2 Qd4
36.Qe2 h5 37.h4 Kh7 38.Bc7 Qd5 39.Qb2 Qd3 40.Qe5 Qd2+ 41.Kg1 Qd1+ 42.Kf2 Qd2+
43.Qe2 Qd5 44.Qe3 Qd1 45.Qc3 Qd5 46.Ke3 Qd1 47.Qd3 Qe1+ 48.Kd4 Qb4+ 49.Kd5 Qb7+
50.Kc5 Qa7+ 51.Kc6 Qa4+ 52.Qb5 Qc2+ 53.Kb7 Qe4+ 54.Kb8  1-0

[Event "8th Dieppe Open A 2012"]
[Site "Dieppe FRA"]
[Date "2012.08.30"]
[Round "6.3"]
[White "Bedouin,X"]
[Black "Marholev,D"]
[Result "0-1"]
[WhiteElo "2415"]
[BlackElo "2364"]

1.Nf3 Nf6 2.c4 g6 3.g3 Bg7 4.Bg2 O-O 5.O-O d6 6.d4 Nbd7 7.Nc3 e5 8.e4 exd4
9.Nxd4 Re8 10.h3 Nc5 11.Re1 a5 12.Ndb5 Be6 13.b3 Nfd7 14.Be3 c6 15.Nd4 Ne5
16.Re2 Bc8 17.Rd2 a4 18.Rb1 axb3 19.axb3 Qe7 20.f4 Ned7 21.Bf2 Nf6 22.Re2 h5
23.Qc2 h4 24.g4 Bxg4 25.hxg4 Nxg4 26.Rd1 Qf6 27.f5 Qe5 28.Na4 h3 29.Bf3 Qh2+
30.Kf1 Qf4 31.Bh1 Bxd4 32.Rxd4 Nh2+ 33.Kg1 Nf3+ 34.Bxf3 Qxf3 35.Be1 Qg4+
36.Kh2 Nxb3 37.Rxd6 Rxa4 38.fxg6 Nc5 39.gxf7+ Kxf7 40.e5 Rg8 41.Rf6+ Ke8
42.Rf1 Rxc4 43.Qa2 Qxe2+ 44.Qxe2 Rg2+ 45.Qxg2 hxg2 46.Kxg2 Rc1 47.Rh1 Kf7
48.Rh7+ Kg6  0-1

[Event "40th Olympiad Open"]
[Site "Istanbul TUR"]
[Date "2012.08.30"]
[Round "3.52"]
[White "Prasad,C FIJ"]
[Black "Jere,D"]
[Result "0-1"]
[WhiteElo "2002"]
[BlackElo "2382"]

1.Nf3 Nf6 2.c4 g6 3.g3 Bg7 4.Bg2 O-O 5.O-O d6 6.d3 c5 7.Nc3 Nc6 8.Rb1 Rb8
9.a3 Ne8 10.Qc2 a5 11.Bd2 Nc7 12.Nb5 Nxb5 13.cxb5 Na7 14.a4 b6 15.Bc3 e5
16.e3 Bf5 17.Nd2 Nc8 18.e4 Be6 19.f4 Ne7 20.Nc4 Qc7 21.b3 exf4 22.Bxg7 Kxg7
23.gxf4 d5 24.Ne3 dxe4 25.dxe4 f5 26.Nd5 Bxd5 27.exd5 Rbd8 28.Rbd1 Nc8 29.Qc3+ Rf6
30.Qe5 Nd6 31.Rfe1 c4 32.bxc4 Qc5+ 33.Qd4 Nxc4 34.Qxc5 bxc5 35.Rc1 Nb6 36.Rxc5 Nxa4
37.Rc7+ Rf7 38.Ree7 Rxe7 39.Rxe7+ Kf6 40.Ra7 Nb6 41.Ra6 Rd6 42.Rxa5 Nxd5
43.Ra6 Ke6 44.Bxd5+ Kxd5 45.Kf2 Rd7 46.Ra2 Kc5 47.Rb2 Kb6 48.Rb3 Rd4 49.Ke3 Rd1
50.Rb2 Re1+ 51.Kf2 Re7 52.Kf3 Ra7 53.h4 Ra3+ 54.Kg2 Rc3 55.h5 gxh5 56.Re2 Kxb5
57.Re5+ Rc5 58.Re7 Kc4 59.Rxh7 Kd4 60.Rxh5 Ke4 61.Rh3 Rc2+ 62.Kf1 Kxf4 63.Ra3 Kg4
64.Ra4+ f4 65.Ra3 Rc1+ 66.Kf2 Rh1 67.Kg2 Rb1 68.Ra2 Rb3 69.Kf1 Rf3+ 70.Rf2 Kg3  0-1

[Event "40th Olympiad Open"]
[Site "Istanbul TUR"]
[Date "2012.08.31"]
[Round "4.62"]
[White "Prasad,C FIJ"]
[Black "Lee Sanghoon"]
[Result "1/2-1/2"]
[WhiteElo "2002"]
[BlackElo "2126"]

1.Nf3 Nf6 2.c4 g6 3.g3 Bg7 4.Bg2 O-O 5.O-O c6 6.d3 d5 7.Nbd2 a5 8.Rb1 Re8
9.Qc2 e5 10.b3 Na6 11.a3 h6 12.e4 dxe4 13.dxe4 Bg4 14.Bb2 Nh7 15.h3 Bxf3
16.Nxf3 Ng5 17.Nxg5 Qxg5 18.Bc1 Qe7 19.Be3 Qxa3 20.Ra1 Qf8 21.Bb6 Nc5 22.Bxa5 Ne6
23.Bc3 Nd4 24.Qb2 Qc5 25.Rfd1 g5 26.Bf1 Qe7 27.Kg2 Qf6 28.Bxd4 exd4 29.Rxa8 Rxa8
30.Bd3 Qd6 31.Ra1 Rxa1 32.Qxa1 Qb4 33.Qa8+ Bf8 34.Qd8 Qc3 35.Be2 Qc2 36.Bf3 d3
37.e5 d2 38.Qd7 d1=Q 39.Qxd1 Qxd1 40.Bxd1 Bc5 41.f4 gxf4 42.gxf4 Kf8 43.Kf3 Ke7
44.Ke4 f6 45.Kf5 fxe5 46.Kxe5 Bd6+ 47.Ke4  1/2-1/2

[Event "40th Olympiad Open"]
[Site "Istanbul TUR"]
[Date "2012.08.31"]
[Round "4.25"]
[White "Teterev,V"]
[Black "Vera Siguenas,D"]
[Result "1/2-1/2"]
[WhiteElo "2528"]
[BlackElo "2359"]

1.Nf3 Nf6 2.g3 g6 3.Bg2 Bg7 4.c4 O-O 5.d4 d6 6.O-O Nc6 7.Nc3 a6 8.Qd3 Bf5
9.e4 Bg4 10.Be3 Bxf3 11.Bxf3 Nd7 12.Bg2 e5 13.dxe5 dxe5 14.Rad1 Nd4 15.f4 c5
16.Nd5 Nb6 17.Bxd4 cxd4 18.b4 a5 19.a3 axb4 20.axb4 Ra2 21.fxe5 Bxe5 22.c5 Nxd5
23.exd5 Rb2 24.Rb1 Rxb1 25.Rxb1 b6 26.Re1 f6 27.d6 Kg7 28.Qb5 Qb8 29.Qc4 Rd8
30.Bf1 Qa7 31.Rc1 bxc5 32.bxc5 d3 33.Kh1 d2 34.Rd1 Rc8 35.c6 Qf2 36.Qd3 Rxc6
37.Rxd2 Qb6 38.Qb5 Qxb5 39.Bxb5 Rxd6  1/2-1/2

[Event "40th Olympiad Open"]
[Site "Istanbul TUR"]
[Date "2012.09.01"]
[Round "5.37"]
[White "Pereira,Rub"]
[Black "Watanabe,A"]
[Result "1/2-1/2"]
[WhiteElo "2417"]
[BlackElo "2278"]

1.Nf3 Nf6 2.c4 g6 3.g3 Bg7 4.Bg2 O-O 5.O-O d6 6.d4 Nbd7 7.Qc2 e5 8.Rd1 exd4
9.Nxd4 Re8 10.Nc3 c6 11.b4 Ng4 12.Rb1 Nde5 13.h3 Nxf2 14.Kxf2 Nxc4 15.Ne4 d5
16.Ng5 Bxd4+ 17.Rxd4 Qf6+ 18.Rf4 Qxg5 19.Rxc4 Qf5+ 20.Qxf5 Bxf5 21.e4 Bxe4
22.Rxe4 dxe4 23.Bg5 f6 24.Be3 Rad8 25.Bf1 Kg7 26.a4 a6 27.b5 axb5 28.axb5 cxb5
29.Rxb5 Re7 30.Bc4 Rc8 31.Bb3 Rc3 32.Rb6 Rd7 33.Ba4 Rdd3 34.Rxb7+ Kg8 35.Bh6 g5
36.Rg7+ Kh8 37.Re7 Rf3+  1/2-1/2

[Event "40th Olympiad Open"]
[Site "Istanbul TUR"]
[Date "2012.09.03"]
[Round "6.34"]
[White "AlHuwar,J"]
[Black "Zhigalko,A"]
[Result "0-1"]
[WhiteElo "2285"]
[BlackElo "2582"]

1.Nf3 Nf6 2.g3 g6 3.Bg2 Bg7 4.c4 O-O 5.d4 d6 6.O-O Nbd7 7.Nc3 e5 8.e3 Re8
9.b3 a6 10.Bb2 c6 11.dxe5 dxe5 12.Qc2 Qc7 13.Rad1 Nc5 14.Nd2 Bg4 15.f3 Bf5
16.e4 Bc8 17.Kh1 a5 18.Ne2 h5 19.a3 b6 20.b4 axb4 21.axb4 Ne6 22.h3 h4 23.f4 Nh5
24.f5 Nd4 25.Bxd4 exd4 26.g4 Ng3+ 27.Nxg3 hxg3 28.Rf3 c5 29.b5 Bb7 30.Re1 Bh6
31.Nf1 Bf4 32.Qd3 Ra2 33.fxg6 fxg6 34.e5 Kg7 35.e6 Qd6 36.Nxg3 Rxg2 37.Kxg2 Bxg3
38.Re4 Bxe4 39.Qxe4 Rxe6 40.Qb7+ Re7  0-1

[Event "40th Olympiad Open"]
[Site "Istanbul TUR"]
[Date "2012.09.03"]
[Round "6.26"]
[White "Leiva,G"]
[Black "Marin,Mi"]
[Result "0-1"]
[WhiteElo "2283"]
[BlackElo "2548"]

1.Nf3 Nf6 2.g3 g6 3.Bg2 Bg7 4.c4 O-O 5.d4 d6 6.O-O c6 7.Nc3 Bf5 8.Ne1 Be6
9.d5 cxd5 10.cxd5 Bd7 11.Qb3 Na6 12.Nd3 Qa5 13.h3 Rfc8 14.Bd2 Nc5 15.Nxc5 Qxc5
16.Rac1 b5 17.Be3 Qc4 18.Qxc4 bxc4 19.Bd4 Ne8 20.Rfd1 Nc7 21.Bxg7 Kxg7 22.Rd4 Nb5
23.Nxb5 Bxb5 24.e3 Rab8 25.Bf1 a5 26.Rd2 Rc5 27.e4 Ba6 28.Kg2 Rb4 29.Rc3 f5
30.f3 fxe4 31.fxe4 Kf6 32.Kf3 Ke5 33.Ke3 Rc7 34.Rdc2 Rcb7 35.Bxc4 Bxc4 36.Rxc4 Rxc4
37.Rxc4 Rxb2 38.Rc7 Kf6 39.e5+ dxe5 40.Rc6+ Kf7 41.Re6 Rxa2 42.Rxe5 a4 43.Re6 a3
44.Ra6 Ra1 45.Kf3 a2 46.Kg4 h6 47.Kh4 Ke8 48.Ra7 Kd8 49.Kg4 Kc8 50.Ra8+ Kb7
51.Ra3 Kb6 52.Ra8 Kc5 53.Ra5+ Kb4 54.Ra8 Kb3 55.Rb8+ Kc4  0-1

[Event "40th Olympiad Open"]
[Site "Istanbul TUR"]
[Date "2012.09.05"]
[Round "8.30"]
[White "Adly,A"]
[Black "Watanabe,A"]
[Result "1-0"]
[WhiteElo "2602"]
[BlackElo "2278"]

1.Nf3 Nf6 2.g3 g6 3.Bg2 Bg7 4.c4 O-O 5.O-O d6 6.d4 Nbd7 7.Nc3 e5 8.e4 exd4
9.Nxd4 Re8 10.Be3 c6 11.h3 Nc5 12.Qc2 a5 13.Rad1 Nfd7 14.f4 a4 15.Rfe1 Qa5
16.Bf2 Qb4 17.a3 Qa5 18.g4 Nb6 19.Nb1 Ne6 20.Ne2 Qa6 21.f5 Nf8 22.Bd4 Qxc4
23.Qd2 Bxd4+ 24.Nxd4 Qc5 25.Rf1 Nfd7 26.f6 d5 27.Nc3 Qd6 28.Nf5 Qc5+ 29.Kh1 Nxf6
30.Nh6+ Kg7 31.Rxf6 Kxf6 32.Rf1+ Kg7 33.Rxf7+ Kh8 34.Qf4  1-0

[Event "40th Olympiad Open"]
[Site "Istanbul TUR"]
[Date "2012.09.05"]
[Round "8.35"]
[White "Danielsen,Hen"]
[Black "Vera Siguenas,D"]
[Result "0-1"]
[WhiteElo "2511"]
[BlackElo "2359"]

1.Nf3 Nf6 2.g3 g6 3.c4 Bg7 4.Bg2 O-O 5.Nc3 Nc6 6.d4 d6 7.d5 Na5 8.b3 c5 9.Bb2 a6
10.Nd2 Bd7 11.Rc1 b5 12.Ba1 Rb8 13.O-O e5 14.e4 bxc4 15.bxc4 Bh6 16.f4 Nh5
17.Ne2 exf4 18.Nxf4 Nxf4 19.gxf4 Qh4 20.Qf3 Rb4 21.e5 dxe5 22.Bxe5 Bf5 23.Kh1 Re8
24.Qc3 Bf8 25.a3 Ra4 26.Bf3 Qh3 27.Rce1 h5 28.Bc7 Rxe1 29.Rxe1 Bg7 30.Be5 Bxe5
31.Rxe5 Bd7 32.Re1 Nxc4 33.Ne4 Rxa3 34.Nf6+ Kh8 35.Qxc4 Qxf3+ 36.Kg1 Bh3
37.Qe4 Re3 38.Qxf3 Rxe1+ 39.Kf2 Rf1+ 40.Ke3 Rxf3+ 41.Kxf3 a5 42.Ke3 a4 43.Kd2 a3
44.Kc3 Kg7 45.Ne4 c4 46.d6 Kf8 47.Nc5 Be6  0-1